Viết đúng tiếng Anh = Correct your English

Sách giới thiệu những câu cần phân biệt gồm động từ, danh từ, trạng từ, giới từ. Đề cập đến những lỗi thông thường và thuật dịch Việt sang Anh, một số từ ngữ quen dùng.

Saved in:
Bibliographic Details
Main Author: Trần, Văn Điền
Format: Book
Language:Undetermined
Published: Thành phố Hồ Chí Minh Trẻ 1997
Subjects:
Tags: Add Tag
No Tags, Be the first to tag this record!
Institutions: Trung tâm Học liệu Trường Đại học Cần Thơ
LEADER 00904nam a2200217Ia 4500
001 CTU_29324
008 210402s9999 xx 000 0 und d
082 |a 428 
082 |b Đ305 
100 |a Trần, Văn Điền 
245 0 |a Viết đúng tiếng Anh = 
245 0 |b Correct your English 
245 0 |c Trần Văn Điền 
260 |a Thành phố Hồ Chí Minh 
260 |b Trẻ 
260 |c 1997 
520 |a Sách giới thiệu những câu cần phân biệt gồm động từ, danh từ, trạng từ, giới từ. Đề cập đến những lỗi thông thường và thuật dịch Việt sang Anh, một số từ ngữ quen dùng. 
650 |a English language,English language 
650 |x Study and teaching,Writing 
904 |i Minh 
980 |a Trung tâm Học liệu Trường Đại học Cần Thơ